[Event "DVM U20w 2016"]
[Site "Borken-Gemen GER"]
[Date "2016.12.27"]
[Round "2"]
[White "Schulze, Lara"]
[Black "Wächter, Nathalie"]
[Result "1/2-1/2"]
[Termination "normal"]
[Board "1.1"]
[WhiteTitle "WFM"]
[WhiteElo "1920"]
[BlackElo "2022"]
[WhiteClock "00:12:55"]
[BlackClock "00:16:39"]
[WhiteTeam "SK Lehrte"]
[BlackTeam "TuRa Harksheide Norderstedt"]
[PlyCount "95"]
[WhiteFideId "12956830"]
[BlackFideId "12921033"]
[EventCountry "GER"]
[EventRounds "7"]
[EventType "team-swiss"]
[EventDate "2016.12.26"]

1. e4 {[%clk 1:30:52]} e6 {[%clk 1:30:53]} 2. d4 {[%clk 1:31:19]} d5 {[%clk
1:31:20]} 3. Nd2 {[%clk 1:31:44]} a6 {[%clk 1:31:38]} 4. c3 {[%clk 1:30:19]}
Nf6 {[%clk 1:30:47]} 5. e5 {[%clk 1:30:40]} Nfd7 {[%clk 1:31:12]} 6. Bd3 {[%clk
1:31:00]} c5 {[%clk 1:31:34]} 7. Ne2 {[%clk 1:31:10]} Nc6 {[%clk 1:31:21]} 8.
O-O {[%clk 1:31:04]} Qb6 {[%clk 1:29:44]} 9. Nf3 {[%clk 1:30:57]} cxd4 {[%clk
1:27:10]} 10. cxd4 {[%clk 1:31:23]} Be7 {[%clk 1:27:27]} 11. a3 {[%clk
1:29:15]} f6 {[%clk 1:00:47]} 12. exf6 {[%clk 1:27:24]} Nxf6 {[%clk 1:01:11]}
13. Re1 {[%clk 1:22:38]} Bd6 {[%clk 0:52:42]} 14. Nf4 {[%clk 1:13:15]} Bxf4
{[%clk 0:47:42]} 15. Bxf4 {[%clk 1:13:42]} O-O {[%clk 0:48:02]} 16. Qd2 {[%clk
1:07:54]} Na5 {[%clk 0:46:02]} 17. Qc3 {[%clk 1:05:05]} Nc6 {[%clk 0:39:47]}
18. Bd6 {[%clk 0:59:48]} Re8 {[%clk 0:39:06]} 19. Bg3 {[%clk 0:57:40]} Bd7
{[%clk 0:37:22]} 20. b4 {[%clk 0:52:42]} Rac8 {[%clk 0:31:42]} 21. Qd2 {[%clk
0:50:53]} Ne7 {[%clk 0:30:42]} 22. Be5 {[%clk 0:46:05]} Rf8 {[%clk 0:27:05]}
23. Rac1 {[%clk 0:39:01]} Bb5 {[%clk 0:15:52]} 24. Ng5 {[%clk 0:32:55]} Rxc1
{[%clk 0:02:41]} 25. Rxc1 {[%clk 0:32:36]} Bxd3 {[%clk 0:01:17]} 26. Qxd3
{[%clk 0:32:50]} Ng6 {[%clk 0:00:45]} 27. Bg3 {[%clk 0:06:14]} Nh5 {[%clk
0:01:00]} 28. Re1 {[%clk 0:04:36]} Qc6 {[%clk 0:00:53]} 29. f3 {[%clk 0:04:05]}
Nxg3 {[%clk 0:00:56]} 30. hxg3 {[%clk 0:04:34]} Qd6 {[%clk 0:00:45]} 31. f4
{[%clk 0:03:33]} Re8 {[%clk 0:00:57]} 32. Kf2 {[%clk 0:03:34]} Nf8 {[%clk
0:01:01]} 33. Nf3 {[%clk 0:02:06]} Rc8 {[%clk 0:01:06]} 34. Ne5 {[%clk
0:02:06]} Qe7 {[%clk 0:00:59]} 35. Re2 {[%clk 0:01:46]} Qc7 {[%clk 0:01:17]}
36. Re1 {[%clk 0:01:01]} Qe7 {[%clk 0:01:43]} 37. Qd2 {[%clk 0:01:02]} Qc7
{[%clk 0:01:44]} 38. Nd3 {[%clk 0:01:05]} b6 {[%clk 0:01:02]} 39. Rc1 {[%clk
0:01:28]} Qb7 {[%clk 0:01:05]} 40. Rc3 {[%clk 0:00:54]} Nd7 {[%clk 0:00:54]}
41. Qe1 {[%clk 0:00:48]} Rxc3 {[%clk 0:25:27]} 42. Qxc3 {[%clk 0:31:47]} Nf6
{[%clk 0:25:45]} 43. Kf3 {[%clk 0:28:59]} Ne4 {[%clk 0:24:30]} 44. Qc2 {[%clk
0:28:47]} Nd6 {[%clk 0:23:52]} 45. g4 {[%clk 0:13:44]} Nb5 {[%clk 0:21:46]} 46.
Qb2 {[%clk 0:14:03]} Qc8 {[%clk 0:18:44]} 47. a4 {[%clk 0:12:55]} Qc4 {[%clk
0:16:39]} 48. Ke4 1/2-1/2

[Event "DVM U20w 2016"]
[Site "Borken-Gemen GER"]
[Date "2016.12.27"]
[Round "2"]
[White "Rosmait, Emily"]
[Black "Böhm, Jana"]
[Result "1/2-1/2"]
[Termination "normal"]
[Board "1.2"]
[WhiteElo "1880"]
[BlackElo "1968"]
[WhiteClock "00:01:36"]
[BlackClock "00:08:13"]
[WhiteTeam "TuRa Harksheide Norderstedt"]
[BlackTeam "SK Lehrte"]
[PlyCount "77"]
[WhiteFideId "12937754"]
[BlackFideId "24661589"]
[EventCountry "GER"]
[EventRounds "7"]
[EventType "team-swiss"]
[EventDate "2016.12.26"]

1. e4 {[%clk 1:30:56]} e6 {[%clk 1:30:58]} 2. d4 {[%clk 1:31:20]} d5 {[%clk
1:31:24]} 3. Nd2 {[%clk 1:31:40]} Nf6 {[%clk 1:31:50]} 4. e5 {[%clk 1:32:02]}
Nfd7 {[%clk 1:32:17]} 5. Bd3 {[%clk 1:32:21]} c5 {[%clk 1:32:43]} 6. c3 {[%clk
1:32:45]} Nc6 {[%clk 1:33:10]} 7. Ne2 {[%clk 1:32:59]} cxd4 {[%clk 1:33:37]} 8.
cxd4 {[%clk 1:33:21]} f6 {[%clk 1:34:04]} 9. exf6 {[%clk 1:33:42]} Nxf6 {[%clk
1:34:30]} 10. O-O {[%clk 1:33:42]} Bd6 {[%clk 1:34:21]} 11. Nf3 {[%clk
1:33:51]} Qc7 {[%clk 1:34:45]} 12. h3 {[%clk 1:33:52]} O-O {[%clk 1:34:48]} 13.
Re1 {[%clk 1:34:04]} Bd7 {[%clk 1:32:18]} 14. Be3 {[%clk 1:33:56]} Rae8 {[%clk
1:32:10]} 15. Rc1 {[%clk 1:33:30]} Qb8 {[%clk 1:27:36]} 16. Nc3 {[%clk
1:33:13]} a6 17. Bb1 {[%clk 1:31:48]} Re7 {[%clk 1:24:55]} 18. a3 {[%clk
1:28:18]} Be8 {[%clk 1:24:53]} 19. Nd2 {[%clk 1:23:03]} Nh5 {[%clk 1:19:39]}
20. b4 {[%clk 1:14:45]} Bh2+ {[%clk 1:12:53]} 21. Kh1 {[%clk 1:14:38]} Bf4
{[%clk 1:13:18]} 22. Qe2 {[%clk 1:08:13]} Rf6 {[%clk 1:05:22]} 23. Nb3 {[%clk
1:00:26]} Bxe3 {[%clk 1:00:30]} 24. Qxe3 {[%clk 1:00:07]} Bg6 {[%clk 0:59:31]}
25. Nc5 {[%clk 0:53:48]} Bxb1 {[%clk 0:59:39]} 26. Rxb1 {[%clk 0:53:25]} Qf8
{[%clk 0:57:09]} 27. Rb2 {[%clk 0:50:28]} Nf4 {[%clk 0:56:11]} 28. Ne2 {[%clk
0:42:42]} e5 {[%clk 0:50:37]} 29. dxe5 {[%clk 0:37:57]} Rxe5 {[%clk 0:46:37]}
30. Qd2 {[%clk 0:25:52]} Qe8 {[%clk 0:39:42]} 31. Kh2 {[%clk 0:17:41]} d4
{[%clk 0:32:45]} 32. f3 {[%clk 0:09:49]} Nxe2 {[%clk 0:16:47]} 33. Rxe2 {[%clk
0:09:56]} b6 {[%clk 0:13:35]} 34. Nxa6 {[%clk 0:05:14]} Rxe2 {[%clk 0:08:57]}
35. Qxe2 {[%clk 0:05:42]} Qxe2 {[%clk 0:09:21]} 36. Rxe2 {[%clk 0:06:08]} d3
{[%clk 0:09:46]} 37. Rd2 {[%clk 0:04:43]} Rd6 {[%clk 0:08:14]} 38. b5 {[%clk
0:03:35]} Ne5 {[%clk 0:08:13]} 39. Nb4 {[%clk 0:01:36]} 1/2-1/2

[Event "DVM U20w 2016"]
[Site "Borken-Gemen GER"]
[Date "2016.12.27"]
[Round "2"]
[White "Manusina, Nicole"]
[Black "Köhler, Inken"]
[Result "1/2-1/2"]
[Termination "normal"]
[Board "1.3"]
[WhiteElo "1842"]
[BlackElo "1944"]
[WhiteClock "00:03:36"]
[BlackClock "00:58:54"]
[WhiteTeam "SK Lehrte"]
[BlackTeam "TuRa Harksheide Norderstedt"]
[PlyCount "45"]
[WhiteFideId "24657514"]
[BlackFideId "12929301"]
[EventCountry "GER"]
[EventRounds "7"]
[EventType "team-swiss"]
[EventDate "2016.12.26"]

1. d4 {[%clk 1:30:54]} d5 {[%clk 1:30:53]} 2. c4 {[%clk 1:31:19]} c6 {[%clk
1:31:16]} 3. Nf3 {[%clk 1:31:29]} Nf6 {[%clk 1:31:38]} 4. Nc3 {[%clk 1:31:37]}
dxc4 {[%clk 1:31:49]} 5. a4 {[%clk 1:31:53]} Na6 {[%clk 1:31:34]} 6. e4 {[%clk
1:28:56]} Bg4 {[%clk 1:31:37]} 7. Bxc4 {[%clk 1:16:08]} e6 {[%clk 1:31:06]} 8.
Bxa6 {[%clk 1:13:58]} bxa6 {[%clk 1:31:07]} 9. Qd3 {[%clk 1:09:40]} Bxf3 {[%clk
1:25:15]} 10. gxf3 {[%clk 1:09:59]} Qb6 {[%clk 1:24:24]} 11. a5 {[%clk
1:07:53]} Qb7 {[%clk 1:24:22]} 12. Qc4 {[%clk 1:00:35]} Bb4 {[%clk 1:20:42]}
13. Rg1 {[%clk 0:57:01]} O-O {[%clk 1:18:24]} 14. Bh6 {[%clk 0:49:02]} Ne8
{[%clk 1:18:07]} 15. Bd2 {[%clk 0:35:59]} Nd6 {[%clk 1:16:29]} 16. Qd3 {[%clk
0:34:53]} Rad8 {[%clk 1:13:51]} 17. Ra4 {[%clk 0:21:23]} c5 {[%clk 1:06:30]}
18. d5 {[%clk 0:14:16]} Nb5 {[%clk 1:05:14]} 19. Qe3 {[%clk 0:08:06]} Nd4
{[%clk 1:02:23]} 20. Rxg7+ {[%clk 0:06:38]} Kxg7 {[%clk 0:58:03]} 21. Qg5+
{[%clk 0:06:55]} Kh8 {[%clk 0:58:29]} 22. Qf6+ {[%clk 0:07:21]} Kg8 {[%clk
0:58:54]} 23. Qg5+ {[%clk 0:03:36]} 1/2-1/2

[Event "DVM U20w 2016"]
[Site "Borken-Gemen GER"]
[Date "2016.12.27"]
[Round "2"]
[White "Zimmermann, Jasmin"]
[Black "Möller, Hannah"]
[Result "1-0"]
[Termination "normal"]
[Board "1.4"]
[WhiteElo "1726"]
[BlackElo "1724"]
[WhiteClock "00:06:52"]
[BlackClock "00:20:46"]
[WhiteTeam "TuRa Harksheide Norderstedt"]
[BlackTeam "SK Lehrte"]
[PlyCount "89"]
[WhiteFideId "12900400"]
[BlackFideId "1270514"]
[EventCountry "GER"]
[EventRounds "7"]
[EventType "team-swiss"]
[EventDate "2016.12.26"]

1. e4 {[%clk 1:30:30]} c5 {[%clk 1:30:30]} 2. Nf3 {[%clk 1:30:30]} d6 {[%clk
1:30:30]} 3. Bb5+ {[%clk 1:30:30]} Bd7 {[%clk 1:30:30]} 4. Bxd7+ {[%clk
1:30:30]} Qxd7 {[%clk 1:30:30]} 5. c4 {[%clk 1:30:56]} Nc6 {[%clk 1:30:48]} 6.
Nc3 {[%clk 1:30:34]} Nf6 {[%clk 1:30:41]} 7. d4 {[%clk 1:29:08]} cxd4 {[%clk
1:30:31]} 8. Nxd4 {[%clk 1:29:58]} g6 {[%clk 1:30:13]} 9. O-O {[%clk 1:29:05]}
Bg7 {[%clk 1:30:25]} 10. Nc2 {[%clk 1:27:38]} O-O {[%clk 1:29:33]} 11. h3
{[%clk 1:25:29]} Rac8 {[%clk 1:28:42]} 12. Be3 {[%clk 1:20:03]} Ne5 {[%clk
1:21:38]} 13. b3 {[%clk 1:16:28]} a6 {[%clk 1:21:00]} 14. a4 {[%clk 1:11:00]}
Nc6 {[%clk 1:13:13]} 15. Qd2 {[%clk 1:07:17]} Rfe8 {[%clk 1:09:41]} 16. Rad1
{[%clk 1:05:43]} Qc7 {[%clk 1:08:42]} 17. Rfe1 {[%clk 1:00:47]} Na5 {[%clk
1:04:32]} 18. Rb1 {[%clk 0:57:45]} Red8 {[%clk 0:57:28]} 19. Nd5 {[%clk
0:49:17]} Nxd5 {[%clk 0:56:34]} 20. exd5 {[%clk 0:49:10]} Re8 {[%clk 0:50:06]}
21. Bd4 {[%clk 0:41:49]} b5 {[%clk 0:40:14]} 22. axb5 {[%clk 0:37:00]} axb5
{[%clk 0:40:20]} 23. Bxg7 {[%clk 0:35:47]} Kxg7 {[%clk 0:40:26]} 24. cxb5
{[%clk 0:26:26]} Nxb3 {[%clk 0:39:41]} 25. Rxb3 {[%clk 0:26:31]} Qxc2 {[%clk
0:40:05]} 26. Qxc2 {[%clk 0:26:09]} Rxc2 {[%clk 0:40:26]} 27. b6 {[%clk
0:25:14]} Rcc8 {[%clk 0:36:00]} 28. b7 {[%clk 0:20:58]} Rb8 {[%clk 0:36:10]}
29. Rc1 {[%clk 0:20:58]} h5 {[%clk 0:28:45]} 30. Rc7 Kf6 {[%clk 0:27:12]} 31.
Rbc3 {[%clk 0:18:44]} Ke5 {[%clk 0:23:57]} 32. Rc8 {[%clk 0:18:13]} Rexc8
{[%clk 0:23:31]} 33. bxc8=Q {[%clk 0:18:26]} Rxc8 {[%clk 0:23:58]} 34. Rxc8
{[%clk 0:18:42]} Kxd5 {[%clk 0:24:23]} 35. Rc7 {[%clk 0:17:02]} Ke6 {[%clk
0:24:38]} 36. f4 {[%clk 0:16:00]} Kf6 {[%clk 0:23:53]} 37. Kf2 {[%clk 0:14:54]}
e5 {[%clk 0:23:12]} 38. fxe5+ {[%clk 0:15:05]} dxe5 {[%clk 0:23:33]} 39. Kf3
{[%clk 0:14:21]} Ke6 {[%clk 0:23:04]} 40. g4 {[%clk 0:14:15]} hxg4+ {[%clk
0:23:01]} 41. hxg4 {[%clk 0:13:15]} f5 {[%clk 0:21:57]} 42. g5 {[%clk 0:07:59]}
f4 {[%clk 0:20:43]} 43. Ke4 {[%clk 0:07:30]} f3 {[%clk 0:20:59]} 44. Rc6+
{[%clk 0:06:59]} Kf7 {[%clk 0:20:46]} 45. Kxe5 {[%clk 0:06:52]} 1-0

[Event "DVM U20w 2016"]
[Site "Borken-Gemen GER"]
[Date "2016.12.27"]
[Round "2"]
[White "Wiesner, Paula"]
[Black "Simon, Tessa"]
[Result "1/2-1/2"]
[Termination "normal"]
[Board "2.1"]
[WhiteElo "2034"]
[BlackElo "1917"]
[WhiteClock "00:30:11"]
[BlackClock "00:30:57"]
[WhiteTeam "Karlsruher SF"]
[BlackTeam "Muldental Wilkau-Haßlau"]
[PlyCount "89"]
[WhiteFideId "24654019"]
[BlackFideId "12929395"]
[EventCountry "GER"]
[EventRounds "7"]
[EventType "team-swiss"]
[EventDate "2016.12.26"]

1. d4 {[%clk 1:30:57]} d5 {[%clk 1:30:51]} 2. c4 {[%clk 1:31:23]} c6 {[%clk
1:31:14]} 3. Nf3 {[%clk 1:31:50]} Nf6 {[%clk 1:31:38]} 4. Nc3 {[%clk 1:32:16]}
dxc4 {[%clk 1:32:02]} 5. a4 {[%clk 1:32:39]} Bf5 {[%clk 1:32:24]} 6. e3 {[%clk
1:33:01]} e6 {[%clk 1:32:46]} 7. Bxc4 {[%clk 1:33:23]} Bb4 {[%clk 1:33:06]} 8.
O-O {[%clk 1:33:23]} Nbd7 {[%clk 1:33:05]} 9. Qe2 {[%clk 1:31:11]} Bg6 {[%clk
1:32:08]} 10. Rd1 {[%clk 1:27:48]} O-O {[%clk 1:28:12]} 11. Bd3 {[%clk
1:22:40]} Bxd3 {[%clk 1:26:37]} 12. Rxd3 {[%clk 1:19:16]} Qc7 {[%clk 1:21:47]}
13. e4 {[%clk 1:15:59]} e5 {[%clk 1:17:17]} 14. dxe5 {[%clk 1:12:54]} Nxe5
{[%clk 1:17:30]} 15. Bf4 {[%clk 1:11:22]} Nxf3+ {[%clk 1:14:09]} 16. Qxf3
{[%clk 1:10:17]} Qa5 {[%clk 1:08:44]} 17. Bd6 {[%clk 1:06:06]} Bxd6 {[%clk
1:01:41]} 18. Rxd6 {[%clk 1:06:26]} Rfe8 {[%clk 1:01:06]} 19. Rad1 {[%clk
1:00:38]} Rad8 {[%clk 0:48:37]} 20. Qd3 {[%clk 0:57:09]} Rxd6 {[%clk 0:47:46]}
21. Qxd6 {[%clk 0:57:32]} h6 {[%clk 0:47:19]} 22. b4 {[%clk 0:54:27]} Qb6
{[%clk 0:42:31]} 23. a5 {[%clk 0:47:29]} Qa6 {[%clk 0:40:52]} 24. Qd4 {[%clk
0:41:32]} Re7 {[%clk 0:23:30]} 25. Qc5 {[%clk 0:36:05]} Rd7 {[%clk 0:18:59]}
26. Rxd7 {[%clk 0:34:10]} Nxd7 {[%clk 0:19:20]} 27. Qd4 {[%clk 0:34:28]} Nf8
{[%clk 0:19:19]} 28. g3 {[%clk 0:25:49]} Ne6 {[%clk 0:19:29]} 29. Qd7 {[%clk
0:23:28]} Qc4 {[%clk 0:17:17]} 30. Qe8+ {[%clk 0:23:34]} Nf8 {[%clk 0:17:09]}
31. Nd1 {[%clk 0:22:35]} Qxb4 {[%clk 0:16:37]} 32. Ne3 {[%clk 0:22:55]} Qb3
{[%clk 0:05:36]} 33. Nf5 {[%clk 0:19:44]} g6 {[%clk 0:05:44]} 34. Nxh6+ {[%clk
0:19:25]} Kg7 {[%clk 0:06:07]} 35. Kg2 {[%clk 0:19:17]} Kxh6 {[%clk 0:01:55]}
36. Qxf8+ {[%clk 0:19:39]} Kh7 {[%clk 0:02:21]} 37. Qe7 {[%clk 0:18:39]} Kg7
{[%clk 0:02:06]} 38. Qc5 {[%clk 0:17:09]} Qa4 {[%clk 0:01:47]} 39. Kf3 {[%clk
0:15:37]} Qd1+ {[%clk 0:01:32]} 40. Kg2 {[%clk 0:12:36]} Qa4 {[%clk 0:01:52]}
41. e5 {[%clk 0:28:38]} Qe4+ {[%clk 0:30:50]} 42. Kg1 {[%clk 0:29:01]} Qe1+
{[%clk 0:30:19]} 43. Kg2 {[%clk 0:29:27]} Qe4+ {[%clk 0:30:41]} 44. Kg1 {[%clk
0:29:49]} Qe1+ {[%clk 0:30:57]} 45. Kg2 {[%clk 0:30:11]} 1/2-1/2

[Event "DVM U20w 2016"]
[Site "Borken-Gemen GER"]
[Date "2016.12.27"]
[Round "2"]
[White "Moses, Selina"]
[Black "Hund, Sarah"]
[Result "1-0"]
[Termination "normal"]
[Board "2.2"]
[WhiteElo "1872"]
[BlackElo "1940"]
[WhiteClock "00:05:35"]
[BlackClock "00:27:05"]
[WhiteTeam "Muldental Wilkau-Haßlau"]
[BlackTeam "Karlsruher SF"]
[PlyCount "79"]
[WhiteFideId "12908070"]
[BlackFideId "12923338"]
[EventCountry "GER"]
[EventRounds "7"]
[EventType "team-swiss"]
[EventDate "2016.12.26"]

1. e4 {[%clk 1:30:57]} e5 {[%clk 1:30:45]} 2. Nf3 {[%clk 1:31:18]} Nc6 {[%clk
1:31:07]} 3. Bb5 {[%clk 1:31:39]} Nge7 {[%clk 1:31:03]} 4. O-O {[%clk 1:31:32]}
Ng6 {[%clk 1:31:05]} 5. c3 {[%clk 1:30:40]} d6 {[%clk 1:30:23]} 6. d4 {[%clk
1:23:40]} Bd7 {[%clk 1:29:35]} 7. Nbd2 {[%clk 1:22:06]} Be7 {[%clk 1:28:21]} 8.
Re1 {[%clk 1:19:29]} h6 {[%clk 1:26:44]} 9. Nf1 {[%clk 1:18:09]} Bg5 {[%clk
1:25:15]} 10. Ng3 {[%clk 1:11:39]} O-O {[%clk 1:23:29]} 11. Bd3 {[%clk
0:54:57]} Bxc1 {[%clk 1:16:53]} 12. Qxc1 {[%clk 0:54:39]} Nf4 {[%clk 1:15:56]}
13. Bc2 {[%clk 0:53:03]} Bg4 {[%clk 1:14:16]} 14. dxe5 {[%clk 0:48:43]} Nh3+
{[%clk 1:09:22]} 15. gxh3 {[%clk 0:48:06]} Bxf3 {[%clk 1:09:19]} 16. exd6
{[%clk 0:44:08]} Qxd6 {[%clk 1:08:08]} 17. Qe3 {[%clk 0:40:57]} Ne5 {[%clk
1:06:49]} 18. Bd1 {[%clk 0:39:28]} Qf6 {[%clk 1:05:23]} 19. Be2 {[%clk
0:31:30]} h5 {[%clk 1:02:36]} 20. Red1 {[%clk 0:25:02]} h4 {[%clk 1:01:30]} 21.
Bxf3 {[%clk 0:25:17]} hxg3 {[%clk 1:00:10]} 22. Bg2 {[%clk 0:23:31]} gxf2+
{[%clk 0:58:41]} 23. Qxf2 {[%clk 0:22:26]} Qg5 {[%clk 0:55:37]} 24. Qg3 {[%clk
0:18:53]} Qe7 {[%clk 0:54:15]} 25. Rd5 {[%clk 0:14:11]} Ng6 {[%clk 0:49:10]}
26. Rg5 {[%clk 0:13:01]} Rfc8 {[%clk 0:37:01]} 27. h4 {[%clk 0:10:49]} Qf8
{[%clk 0:36:44]} 28. e5 {[%clk 0:09:14]} Re8 {[%clk 0:35:27]} 29. h5 {[%clk
0:07:29]} Nh8 {[%clk 0:35:08]} 30. Rf1 {[%clk 0:06:56]} c6 {[%clk 0:34:48]} 31.
Be4 {[%clk 0:06:06]} Re6 {[%clk 0:33:38]} 32. Kh1 {[%clk 0:05:45]} f6 {[%clk
0:30:23]} 33. exf6 {[%clk 0:04:08]} Rxf6 {[%clk 0:30:29]} 34. Rg1 {[%clk
0:03:58]} Rf7 {[%clk 0:27:27]} 35. h6 {[%clk 0:04:01]} g6 {[%clk 0:27:10]} 36.
Bxg6 {[%clk 0:04:17]} Nxg6 {[%clk 0:27:02]} 37. Rxg6+ {[%clk 0:04:42]} Kh8
{[%clk 0:26:46]} 38. Qe5+ {[%clk 0:04:52]} Kh7 {[%clk 0:26:48]} 39. Rg7+ {[%clk
0:05:10]} Rxg7 {[%clk 0:27:05]} 40. Rxg7+ {[%clk 0:05:35]} 1-0

[Event "DVM U20w 2016"]
[Site "Borken-Gemen GER"]
[Date "2016.12.27"]
[Round "2"]
[White "Mangei, Jasmin"]
[Black "Fromm, Katja"]
[Result "1-0"]
[Termination "normal"]
[Board "2.3"]
[WhiteElo "1911"]
[BlackElo "1728"]
[WhiteClock "00:11:47"]
[BlackClock "00:06:11"]
[WhiteTeam "Karlsruher SF"]
[BlackTeam "Muldental Wilkau-Haßlau"]
[PlyCount "59"]
[WhiteFideId "12951803"]
[BlackFideId "12929409"]
[EventCountry "GER"]
[EventRounds "7"]
[EventType "team-swiss"]
[EventDate "2016.12.26"]

1. e4 {[%clk 1:30:58]} c6 {[%clk 1:30:51]} 2. d4 {[%clk 1:31:24]} d5 {[%clk
1:31:14]} 3. Nc3 {[%clk 1:31:48]} dxe4 {[%clk 1:31:08]} 4. Nxe4 {[%clk
1:32:12]} Nd7 {[%clk 1:30:33]} 5. Nf3 {[%clk 1:31:28]} Ngf6 {[%clk 1:30:13]} 6.
Bd3 {[%clk 1:27:37]} Nxe4 {[%clk 1:30:16]} 7. Bxe4 {[%clk 1:27:54]} Nf6 {[%clk
1:30:32]} 8. Bd3 {[%clk 1:27:39]} Bg4 {[%clk 1:30:40]} 9. c3 {[%clk 1:23:12]}
e6 {[%clk 1:30:24]} 10. Bf4 {[%clk 1:20:42]} Bd6 {[%clk 1:29:30]} 11. Bg3
{[%clk 1:17:44]} O-O {[%clk 1:29:16]} 12. Qe2 {[%clk 1:11:07]} b5 {[%clk
1:25:33]} 13. Bxd6 {[%clk 1:04:15]} Qxd6 {[%clk 1:25:54]} 14. Qe5 {[%clk
1:03:22]} Qe7 {[%clk 1:21:09]} 15. Qg3 {[%clk 0:55:30]} Bxf3 {[%clk 1:01:44]}
16. Qxf3 {[%clk 0:51:16]} Rac8 {[%clk 1:01:02]} 17. O-O {[%clk 0:50:39]} b4
{[%clk 0:59:50]} 18. Rfe1 {[%clk 0:42:20]} Rfd8 {[%clk 0:53:16]} 19. Rad1
{[%clk 0:39:03]} a5 {[%clk 0:46:46]} 20. Bc2 {[%clk 0:35:53]} bxc3 {[%clk
0:38:14]} 21. bxc3 {[%clk 0:32:35]} Qa7 {[%clk 0:33:02]} 22. Rb1 {[%clk
0:25:47]} c5 {[%clk 0:28:09]} 23. Rb7 {[%clk 0:22:50]} Qa6 {[%clk 0:27:53]} 24.
dxc5 {[%clk 0:20:55]} Rxc5 {[%clk 0:27:03]} 25. Reb1 {[%clk 0:20:03]} Rdc8
{[%clk 0:19:50]} 26. Bd3 {[%clk 0:14:27]} Qd6 {[%clk 0:17:39]} 27. c4 {[%clk
0:14:14]} Qe5 {[%clk 0:15:40]} 28. Ra7 {[%clk 0:12:53]} R5c7 {[%clk 0:11:39]}
29. Ra8 {[%clk 0:11:50]} Rc6 {[%clk 0:06:11]} 30. Qxc6 {[%clk 0:11:47]} 1-0

[Event "DVM U20w 2016"]
[Site "Borken-Gemen GER"]
[Date "2016.12.27"]
[Round "2"]
[White "Von Jan, Lena"]
[Black "Grining, Maria"]
[Result "1-0"]
[Termination "normal"]
[Board "2.4"]
[WhiteElo "1516"]
[BlackElo "1481"]
[WhiteClock "00:21:31"]
[BlackClock "00:50:26"]
[WhiteTeam "Muldental Wilkau-Haßlau"]
[BlackTeam "Karlsruher SF"]
[PlyCount "117"]
[WhiteFideId "12946060"]
[BlackFideId "16235037"]
[EventCountry "GER"]
[EventRounds "7"]
[EventType "team-swiss"]
[EventDate "2016.12.26"]

1. e4 {[%clk 1:30:53]} e5 {[%clk 1:30:40]} 2. Nf3 {[%clk 1:31:12]} Nc6 {[%clk
1:30:50]} 3. Bb5 {[%clk 1:31:37]} Bc5 {[%clk 1:30:59]} 4. c3 {[%clk 1:29:20]}
Nge7 {[%clk 1:29:49]} 5. d4 {[%clk 1:25:33]} exd4 {[%clk 1:29:58]} 6. cxd4
{[%clk 1:24:54]} Bb4+ {[%clk 1:30:21]} 7. Nc3 {[%clk 1:22:41]} d5 {[%clk
1:30:07]} 8. e5 {[%clk 1:15:51]} Bg4 {[%clk 1:28:44]} 9. Be3 {[%clk 1:12:51]}
O-O {[%clk 1:28:17]} 10. O-O {[%clk 1:09:49]} f6 {[%clk 1:23:03]} 11. exf6
{[%clk 1:03:24]} Rxf6 {[%clk 1:23:26]} 12. Be2 {[%clk 0:55:29]} h6 {[%clk
1:20:07]} 13. a3 {[%clk 0:52:04]} Ba5 {[%clk 1:17:34]} 14. h3 {[%clk 0:48:23]}
Bh5 {[%clk 1:17:21]} 15. Rc1 {[%clk 0:43:10]} a6 {[%clk 1:09:04]} 16. Nd2
{[%clk 0:38:00]} Bxe2 {[%clk 1:08:13]} 17. Nxe2 {[%clk 0:37:02]} Nf5 {[%clk
1:04:33]} 18. Nf3 {[%clk 0:34:45]} Nxe3 {[%clk 0:59:37]} 19. fxe3 {[%clk
0:34:36]} Qe7 {[%clk 0:58:31]} 20. Qb3 {[%clk 0:30:37]} Qe4 {[%clk 0:44:39]}
21. Ng3 {[%clk 0:27:15]} Qe6 {[%clk 0:43:15]} 22. Nh5 {[%clk 0:23:10]} Rf5
{[%clk 0:33:58]} 23. Nf4 {[%clk 0:21:42]} Qe4 {[%clk 0:33:56]} 24. g4 {[%clk
0:13:40]} Rxf4 {[%clk 0:29:34]} 25. exf4 {[%clk 0:12:57]} Nxd4 {[%clk 0:29:42]}
26. Nxd4 {[%clk 0:11:58]} Qxd4+ {[%clk 0:30:06]} 27. Kh1 {[%clk 0:11:43]} Re8
{[%clk 0:28:17]} 28. Rcd1 {[%clk 0:10:30]} Qe4+ {[%clk 0:28:26]} 29. Qf3 {[%clk
0:09:23]} c6 {[%clk 0:27:33]} 30. Rd3 {[%clk 0:06:22]} Qe2 {[%clk 0:26:25]} 31.
Qxe2 {[%clk 0:05:39]} Rxe2 {[%clk 0:25:49]} 32. Rb3 {[%clk 0:05:21]} b5 {[%clk
0:26:00]} 33. Rc1 {[%clk 0:05:19]} Re6 {[%clk 0:24:36]} 34. f5 {[%clk 0:04:47]}
Rd6 {[%clk 0:25:05]} 35. Rd3 {[%clk 0:04:11]} Kf7 {[%clk 0:24:13]} 36. b4
{[%clk 0:04:17]} Bb6 {[%clk 0:24:42]} 37. Rdc3 {[%clk 0:04:12]} d4 {[%clk
0:24:10]} 38. Rxc6 {[%clk 0:04:11]} Ke7 {[%clk 0:22:01]} 39. Re1+ {[%clk
0:02:57]} Kd7 {[%clk 0:22:22]} 40. Rxd6+ {[%clk 0:03:05]} Kxd6 {[%clk 0:22:45]}
41. Re6+ {[%clk 0:02:59]} Kd7 {[%clk 0:22:37]} 42. Kg2 {[%clk 0:30:10]} d3
{[%clk 0:51:12]} 43. Kf1 {[%clk 0:29:39]} Bd4 {[%clk 0:50:58]} 44. Ke1 {[%clk
0:29:09]} Bc3+ {[%clk 0:51:08]} 45. Kd1 {[%clk 0:29:21]} d2 {[%clk 0:49:59]}
46. Rxa6 {[%clk 0:28:38]} Kc7 {[%clk 0:50:08]} 47. Ra7+ {[%clk 0:28:33]} Kc6
{[%clk 0:50:24]} 48. Re7 {[%clk 0:28:17]} Kd5 {[%clk 0:50:24]} 49. Rc7 {[%clk
0:25:33]} Kd4 {[%clk 0:48:58]} 50. Kc2 {[%clk 0:25:13]} d1=Q+ {[%clk 0:48:56]}
51. Kxd1 {[%clk 0:25:34]} Kd3 {[%clk 0:49:20]} 52. Rc5 {[%clk 0:25:21]} Bb2
{[%clk 0:48:59]} 53. Rxb5 {[%clk 0:25:15]} Bxa3 {[%clk 0:49:23]} 54. Rb7 {[%clk
0:25:25]} Bb2 {[%clk 0:49:31]} 55. b5 {[%clk 0:25:00]} Kc4 {[%clk 0:49:54]} 56.
b6 {[%clk 0:24:38]} Kc5 {[%clk 0:50:16]} 57. Kc2 {[%clk 0:22:09]} Be5 {[%clk
0:50:08]} 58. Re7 {[%clk 0:21:30]} Bf6 {[%clk 0:50:26]} 59. Re6 {[%clk
0:21:31]} 1-0

[Event "DVM U20w 2016"]
[Site "Borken-Gemen GER"]
[Date "2016.12.27"]
[Round "2"]
[White "Poetsch, Leonore"]
[Black "Voß, Henrike"]
[Result "0-1"]
[Termination "normal"]
[Board "3.1"]
[WhiteElo "1946"]
[BlackElo "1591"]
[WhiteTeam "SK Langen"]
[BlackTeam "Hamburger SK"]
[PlyCount "56"]
[WhiteFideId "12940372"]
[BlackFideId "12971910"]
[EventCountry "GER"]
[EventRounds "7"]
[EventType "team-swiss"]
[EventDate "2016.12.26"]

1.e4 e5 2.Nf3 Nc6 3.Bc4 Nf6 4.Ng5 d5 5.exd5 Na5 6.Bb5+ Bd7 7.Qe2 Be7 8. Bxd7+
Qxd7 9.Qxe5 Nxd5 10.Nf3 Nc6 11.Qe4 O-O-O 12.O-O f5 13.Qe1 Bf6 14.c3 g5 15.d4
Rde8 16.Qd1 g4 17.Ne1 h5 18.c4 Nb6 19.c5 Nxd4 20.cxb6 Ne2+ 21. Qxe2 Rxe2
22.bxa7 Qa4 23.Nd3 Qxa7 24.Na3 Rhe8 25.Nf4 Rxf2 26.Nb5 Rxf1+ 27. Kxf1 Qa4
28.Nc3 Bxc3 0-1